000 00705nam a2200289Ia 4500
005 20260324150142.0
008 008 260324s9999 xx 000 0 eng d
020 _a9781003439196
037 _aEBOOK
040 _aCRL
040 _beng
040 _cCRL
041 _2eng
041 _aeng
084 _qCRL
100 _aMichael Young; Peter Willmott
_91225425
245 4 _aThe Symmetrical Family
245 2 _bA Study of Work and Leisure in the London Region
260 _bTaylor and Francis
260 _c1973
365 _a
365 _b205
856 _uhttp://www.taylorfrancis.com/books/9781003439196
942 _cEBOOK
999 _c1834413
_d1834413